| 000 | 00578nam a22001457a 4500 | ||
|---|---|---|---|
| 005 | 20230610163219.0 | ||
| 008 | 230425b xxu||||| |||| 00| 0 eng d | ||
| 082 |
_a614 _bNIN |
||
| 100 | _aNingappa. C | ||
| 245 |
_aಮಾನವ ಪರಿಸರದಲ್ಲಿ ರೆeಡಾನ್ _bManav Parisaradalli Redaan _cC Ningappa |
||
| 260 |
_aBelagavi _bPrasaranga, Visveswaraya Technological University ( VTU ) _c2021 |
||
| 300 | _a72p. | ||
| 440 | _aJanpriya Taantrika Shikshana Maale (ಜನಪ್ರಿಯ ತಾಂತ್ರಿಕ ಶಿಕ್ಷಣ ಮಾಲೆ) | ||
| 650 | _aGeneral | ||
| 999 |
_c11627 _d11627 |
||